Estadísticas para Países Asiáticos por las Primeras 2 Letras

Haz click aquí para intentar la prueba.

Estadísticas generales

  • Esta prueba ha sido intentada 17.539 veces
  • La puntuación promedio es 32 de 48

Respuestas en el mapa

Las respuestas están codificadas por una escala verde-roja en el mapa de la prueba según el % correcto abajo.
 

Estadísticas de respuestas

País% Correcto
China
97%
Chipre
97%
India
94%
Indonesia
94%
Arabia Saudita
86%
Armenia
86%
Turkmenistán
86%
Turquía
86%
Mongolia
84%
Japón
83%
Kazajistán
81%
Tailandia
81%
Taiwán
81%
Tayikistán
81%
Irak
80%
Irán
80%
Corea del Norte
76%
Corea del Sur
76%
Pakistán
74%
Omán
71%
Yemen
71%
Camboya
67%
Catar
67%
Afganistán
66%
Singapur
64%
Siria
64%
Vietnam
64%
Nepal
63%
Uzbekistán
63%
Kirguistán
59%
Malasia
59%
Maldivas
59%
Israel
58%
Bangladés
57%
Baréin
57%
Filipinas
57%
Laos
57%
Emiratos Árabes Unidos
56%
Myanmar
55%
Bután
50%
Jordania
50%
Azerbaiyán
49%
Sri Lanka
48%
Georgia
47%
Líbano
41%
Kuwait
40%
Brunéi
24%
Timor Oriental
23%

Distribución de puntuación

Porcentaje por número respondido

Porcentaje de gente con cada puntuación

Historial de tus puntuaciones

No has intentado esta prueba.